Geography Quiz

Random Geography or State Quiz

United States Tripoints Quiz Stats

 Plays Quiz not verified by Sporcle

Challenge
Share
Tweet
Embed
Score 0/56 Timer 20:00
0 Plays Today
Tripoint % Correct
Idaho-Oregon-Washington
85%
California-Oregon-Nevada
84.1%
Alabama-Georgia-Florida
83.1%
Arkansas-Louisiana-Texas
82.6%
Alabama-Mississippi-Tennessee
82.1%
Arizona-California-Nevada
82.1%
Connecticut-Massachusetts-Rhode Island
82.1%
Indiana-Ohio-Kentucky
82.1%
Massachusetts-Vermont-New Hampshire
81.6%
Georgia-North Carolina-South Carolina
81.2%
Alabama-Tennessee-Georgia
80.2%
Arkansas-Texas-Oklahoma
80.2%
New Jersey-Pennsylvania-New York
80.2%
Idaho-Montana-Wyoming
79.7%
Indiana-Michigan-Ohio
79.2%
Connecticut-New York-Massachusetts
78.7%
Arkansas-Mississippi-Louisiana
78.3%
Delaware-Maryland-Pennsylvania
78.3%
Illinois-Indiana-Kentucky
78.3%
Minnesota-South Dakota-North Dakota
78.3%
Delaware-Pennsylvania-New Jersey
77.3%
Illinois-Iowa-Wisconsin
77.3%
Montana-North Dakota-South Dakota
77.3%
Massachusetts-New York-Vermont
76.8%
New Mexico-Oklahoma-Texas
76.8%
Ohio-Pennsylvania-West Virginia
76.8%
Arizona-Nevada-Utah
75.8%
Arkansas-Missouri-Tennessee
75.4%
Tripoint % Correct
Colorado-Utah-Wyoming
74.9%
Iowa-Minnesota-Wisconsin
74.9%
Illinois-Kentucky-Missouri
74.4%
Kentucky-Tennessee-Missouri
73.9%
Arkansas-Oklahoma-Missouri
73.4%
Georgia-Tennessee-North Carolina
73.4%
Kentucky-Virginia-Tennessee
73.4%
Colorado-Kansas-Oklahoma
72.9%
Colorado-Nebraska-Kansas
72.9%
Colorado-Wyoming-Nebraska
72.9%
Idaho-Nevada-Oregon
72.9%
Illinois-Missouri-Iowa
72.9%
Iowa-Nebraska-South Dakota
72.9%
Kansas-Nebraska-Missouri
72.5%
Kentucky-Ohio-West Virginia
72.5%
Arkansas-Tennessee-Mississippi
72%
Colorado-Oklahoma-New Mexico
72%
Iowa-South Dakota-Minnesota
72%
Kentucky-West Virginia-Virginia
72%
Idaho-Utah-Nevada
71.5%
Maryland-Virginia-West Virginia
71.5%
North Carolina-Tennessee-Virginia
71%
Kansas-Missouri-Oklahoma
69.6%
Idaho-Wyoming-Utah
68.1%
Iowa-Missouri-Nebraska
68.1%
Maryland-West Virginia-Pennsylvania
67.6%
Montana-South Dakota-Wyoming
63.8%
Nebraska-Wyoming-South Dakota
61.4%

You're not logged in!

Compare scores with friends on all Sporcle quizzes.
Join for Free
OR
Log In

You Might Also Like...

Show Comments

Extras

Created Mar 31, 2010SourceReportNominate
Tags:State Quiz, between, united

Top Quizzes Today


Score Distribution

Your Account Isn't Verified!

In order to create a playlist on Sporcle, you need to verify the email address you used during registration. Go to your Sporcle Settings to finish the process.

Report this User

Report this user for behavior that violates our Community Guidelines.

Details: